| 000 | 00533nam a22001817a 4500 | ||
|---|---|---|---|
| 003 | NUST - PNEC | ||
| 005 | 20170116181128.0 | ||
| 008 | 151006b xxu||||| |||| 00| 0 eng d | ||
| 020 | _a- | ||
| 040 | _cLIBRARY | ||
| 082 | _a320.95491504 EMB | ||
| 100 |
_913820 _aEmbree, Ainslie Thomas |
||
| 245 |
_aPakistan's western borderlands : the transformation of a political order _cAinslie Thomas Embree |
||
| 250 | _a1st ed. | ||
| 260 | _cc.1977 | ||
| 650 |
_913822 _aPakistan--Khyber Pakhtunkhwa _xGeneral books |
||
| 942 |
_2ddc _cBK |
||
| 999 |
_c69851 _d69851 |
||